[Event "LXXIV C.to Italiano"]
[Site "Boscotrecase ITA"]
[Date "2014.11.25"]
[Round "3"]
[White "Dvirnyy, Danyyil"]
[Black "Altini, Nicola"]
[WhiteElo "2515"]
[BlackElo "2394"]
[Result "1/2-1/2"]
[PlyCount "83"]
[EventDate "2014.11.23"]

1. e4 e5 2. Nf3 Nc6 3. Bc4 Bc5 4. O-O Nf6 5. d3 O-O 6. Nbd2 a6 7. c3 Ba7 8. Bb3
d6 9. h3 h6 10. Re1 Nh5 11. Nc4 Qf6 12. Ne3 Nf4 13. Ng4 Bxg4 14. hxg4 Ne6 15.
g3 g5 16. Kg2 Kg7 17. Rh1 Rh8 18. Qe2 Ne7 19. Bd2 Rad8 20. Rh5 c6 21. Rah1 Ng6
22. Bxe6 Qxe6 23. Rxh6 Rxh6 24. Nxg5 Qd7 25. Rxh6 Kxh6 26. Nxf7+ Kg7 27. Nxd8
Qxd8 28. g5 Qf8 29. Qf3 Qxf3+ 30. Kxf3 d5 31. Be1 Nf8 32. Kg4 Nd7 33. b4 Kg6
34. f4 Be3 35. f5+ Kg7 36. Kh5 a5 37. g4 dxe4 38. dxe4 axb4 39. cxb4 c5 40.
bxc5 Nxc5 41. f6+ Kg8 42. Kg6 1/2-1/2

[Event "LXXIV C.to Italiano"]
[Site "Boscotrecase ITA"]
[Date "2014.11.25"]
[Round "3"]
[White "Genocchio, Daniele"]
[Black "Godena, Michele"]
[WhiteElo "2407"]
[BlackElo "2495"]
[Result "1/2-1/2"]
[PlyCount "85"]
[EventDate "2014.11.23"]

1. Nc3 Nf6 2. e4 e5 3. g3 d5 4. exd5 Nxd5 5. Bg2 Nxc3 6. bxc3 Bd6 7. Nf3 O-O 8.
O-O Nc6 9. Rb1 Rb8 10. d3 Bf5 11. h3 Qd7 12. Kh2 b6 13. Ng5 h6 14. Ne4 Be7 15.
Nd2 Rbe8 16. Qf3 Nd8 17. Nc4 f6 18. a4 Bc5 19. Ne3 Bxe3 20. fxe3 Bg6 21. Qd5+
Qxd5 22. Bxd5+ Bf7 23. Be4 Ne6 24. Bc6 Rc8 25. Ba3 Rfd8 26. Be7 Be8 27. Bb7 Rb8
28. Be4 Rd7 29. Ba3 Nf8 30. a5 Rdd8 31. d4 Bg6 32. Bc6 Bxc2 33. Rb2 Bd3 34. Rd1
e4 35. Be7 Rdc8 36. Ra1 Kf7 37. Bb4 Ng6 38. axb6 axb6 39. Ra7 Ne7 40. Bd7 Rd8
41. Rxc7 Nd5 42. Ra7 Ra8 43. Rxa8 1/2-1/2

[Event "LXXIV C.to Italiano"]
[Site "Boscotrecase ITA"]
[Date "2014.11.25"]
[Round "3"]
[White "Gilevych, Artem"]
[Black "Bellia, Fabrizio"]
[WhiteElo "2396"]
[BlackElo "2415"]
[Result "1-0"]
[PlyCount "77"]
[EventDate "2014.11.23"]

1. e4 c6 2. c4 d5 3. exd5 cxd5 4. d4 Nf6 5. Nc3 e6 6. Nf3 Bb4 7. Bd3 dxc4 8.
Bxc4 O-O 9. O-O b6 10. Qe2 Bb7 11. Rd1 Bxc3 12. bxc3 Qc7 13. Bd3 Nbd7 14. c4 h6
15. a4 Rfe8 16. a5 Rac8 17. Bb2 Qf4 18. Qe3 Qg4 19. h3 Qh5 20. Ne5 Nxe5 21.
dxe5 Nd7 22. Bf1 Nc5 23. axb6 axb6 24. Rd6 Bc6 25. Rd4 Qf5 26. Rg4 Red8 27. Bd4
Bb7 28. Ra3 Rc7 29. Kh2 Rcd7 30. Be2 h5 31. Rf4 Qg5 32. g3 Qg6 33. Ra1 Nb3 34.
Qxb3 Rxd4 35. Qxb6 Rxf4 36. Qxd8+ Kh7 37. Kg1 h4 38. Bd3 Re4 39. Qxh4+ 1-0

[Event "LXXIV C.to Italiano"]
[Site "Boscotrecase ITA"]
[Date "2014.11.26"]
[Round "4"]
[White "Altini, Nicola"]
[Black "Gilevych, Artem"]
[WhiteElo "2394"]
[BlackElo "2396"]
[Result "1/2-1/2"]
[PlyCount "154"]
[EventDate "2014.11.23"]

1. d4 Nf6 2. c4 e6 3. Nc3 d5 4. cxd5 exd5 5. Bg5 Nbd7 6. e3 Be7 7. Bd3 O-O 8.
Nge2 Re8 9. O-O Nf8 10. b4 a6 11. Rb1 Ng6 12. Qc2 c6 13. a4 Ng4 14. Bxe7 Qxe7
15. h3 Nf6 16. Ng3 Nh4 17. b5 axb5 18. axb5 g6 19. Nce2 Ra3 20. Ra1 Bd7 21.
Rxa3 Qxa3 22. bxc6 bxc6 23. Qc3 Qxc3 24. Nxc3 c5 25. dxc5 Rc8 26. Nce2 Rxc5 27.
Rb1 Ra5 28. Rb4 Ra4 29. Rxa4 Bxa4 30. Nc3 Bd7 31. Nge2 Nf5 32. Bxf5 Bxf5 33.
Nd4 Bd3 34. g4 Kg7 35. Kg2 h5 36. g5 Nh7 37. h4 f6 38. gxf6+ Nxf6 39. Kg3 Ne4+
40. Nxe4 Bxe4 41. Kf4 Kf6 42. Nc6 Bd3 43. Ne5 Bb5 44. Nf3 Bc4 45. Nd2 Bd3 46.
Nb3 Bc4 47. Nc5 Ba2 48. Nd7+ Ke6 49. Nc5+ Kf6 50. f3 Bb1 51. Nd7+ Ke6 52. Nb6
Bc2 53. e4 dxe4 54. fxe4 Bb3 55. e5 Bc2 56. Nc4 Bd3 57. Nd2 Bc2 58. Nf3 Bb1 59.
Nd4+ Ke7 60. Kg5 Be4 61. Ne2 Ke6 62. Kf4 Bb1 63. Nd4+ Ke7 64. Nf3 Ke6 65. Ng5+
Ke7 66. Ke3 Bc2 67. Kd4 Bb1 68. Ke3 Bc2 69. Kf4 Bb1 70. Nf3 Ke6 71. Nd4+ Ke7
72. Kg5 Be4 73. Ne2 Ke6 74. Nf4+ Kxe5 75. Nxg6+ Bxg6 76. Kxg6 Ke6 77. Kxh5 Ke5
1/2-1/2

[Event "LXXIV C.to Italiano"]
[Site "Boscotrecase ITA"]
[Date "2014.11.26"]
[Round "4"]
[White "Bellia, Fabrizio"]
[Black "Bruno, Fabio"]
[WhiteElo "2415"]
[BlackElo "2436"]
[Result "1/2-1/2"]
[PlyCount "48"]
[EventDate "2014.11.23"]

1. d4 Nf6 2. Nf3 e6 3. c4 d5 4. e3 Nbd7 5. Nbd2 b6 6. cxd5 exd5 7. Bd3 Bb7 8.
O-O Bd6 9. b3 O-O 10. a4 Qe7 11. Bb2 Ne4 12. Qe2 a5 13. Rac1 c6 14. Rfd1 Rae8
15. Ba6 Ba8 16. Nxe4 Qxe4 17. Bd3 Qe7 18. Qc2 g6 19. Re1 f5 20. Qb1 Bb7 21. h3
Qf6 22. Qc2 Re6 23. Bf1 Rfe8 24. g3 Qe7 1/2-1/2

[Event "LXXIV C.to Italiano"]
[Site "Boscotrecase ITA"]
[Date "2014.11.26"]
[Round "4"]
[White "Brunello, Sabino"]
[Black "Dvirnyy, Danyyil"]
[WhiteElo "2568"]
[BlackElo "2515"]
[Result "1/2-1/2"]
[PlyCount "41"]
[EventDate "2014.11.23"]

1. d4 Nf6 2. c4 g6 3. Nc3 Bg7 4. e4 d6 5. Be2 O-O 6. Nf3 e5 7. O-O Nc6 8. d5
Ne7 9. b4 a5 10. Ba3 axb4 11. Bxb4 Nd7 12. a4 Bh6 13. Nd2 f5 14. Nb3 Nf6 15.
exf5 gxf5 16. c5 Kh8 17. cxd6 cxd6 18. Nb5 Ra6 19. Nc3 Ra8 20. Nb5 Ra6 21. Nc3
1/2-1/2

[Event "LXXIV C.to Italiano"]
[Site "Boscotrecase ITA"]
[Date "2014.11.26"]
[Round "4"]
[White "Contin, Daniel"]
[Black "Genocchio, Daniele"]
[WhiteElo "2327"]
[BlackElo "2407"]
[Result "1-0"]
[PlyCount "137"]
[EventDate "2014.11.23"]

1. Nf3 Nf6 2. c4 g6 3. b3 Bg7 4. Bb2 O-O 5. g3 c6 6. Bg2 d5 7. O-O Bg4 8. d4
Bxf3 9. Bxf3 Ne4 10. Nd2 f5 11. e3 Qa5 12. Nxe4 dxe4 13. Bg2 c5 14. f3 exf3 15.
Bxf3 Nc6 16. Bd5+ Kh8 17. Qe1 Qc7 18. Qd2 Rad8 19. Rae1 Qd7 20. Qg2 cxd4 21.
exd4 Nxd4 22. Bxb7 e5 23. Bd5 e4 24. Rd1 Nf3+ 25. Kh1 h5 26. b4 Bxb2 27. Qxb2+
Kh7 28. b5 Qe7 29. Qe2 Ne5 30. a4 h4 31. Kg2 Ng4 32. Rf4 Qc5 33. Kh3 hxg3 34.
hxg3 Nf6 35. Rh4+ Kg7 36. Kg2 Rh8 37. Qb2 Qe3 38. Qf2 Ng4 39. Qb2+ Nf6 40. Qf2
Qb3 41. Rxh8 Kxh8 42. Rh1+ Kg7 43. Qxa7+ Rd7 44. Qf2 e3 45. Qf4 Qb2+ 46. Kh3
Ng4 47. Kh4 Qf6+ 48. Qg5 Qf8 49. Kh3 Qc5 50. Re1 Kh8 51. Rh1 e2 52. Kg2+ Kg7
53. Qf4 Re7 54. Re1 Kf6 55. Bg8 g5 56. Qf3 Kg7 57. Bd5 Ne3+ 58. Kh1 Kg6 59.
Rxe2 g4 60. Qf2 Qd4 61. Kg1 Qd3 62. Bg2 Qxc4 63. b6 Nd1 64. Rc2 Qe6 65. Rc6
Nxf2 66. Kxf2 Kf6 67. a5 Qxc6 68. Bxc6 Ke5 69. b7 1-0

[Event "LXXIV C.to Italiano"]
[Site "Boscotrecase ITA"]
[Date "2014.11.26"]
[Round "4"]
[White "Godena, Michele"]
[Black "David, Alberto"]
[WhiteElo "2495"]
[BlackElo "2578"]
[Result "1/2-1/2"]
[PlyCount "31"]
[EventDate "2014.11.23"]

1. e4 c6 2. d4 d5 3. Nd2 dxe4 4. Nxe4 Nd7 5. Bc4 Ngf6 6. Ng5 e6 7. Qe2 Nb6 8.
Bd3 h6 9. N5f3 c5 10. dxc5 Nbd7 11. Ne5 Nxc5 12. Bb5+ Bd7 13. Nxd7 Ncxd7 14.
Nf3 a6 15. Bxd7+ Qxd7 16. O-O 1/2-1/2

[Event "LXXIV C.to Italiano"]
[Site "Boscotrecase ITA"]
[Date "2014.11.26"]
[Round "4"]
[White "Rombaldoni, Axel"]
[Black "Rombaldoni, Denis"]
[WhiteElo "2505"]
[BlackElo "2480"]
[Result "0-1"]
[PlyCount "62"]
[EventDate "2014.11.23"]

1. d4 d5 2. c4 Nc6 3. Nc3 dxc4 4. d5 Na5 5. Qa4+ c6 6. b4 b5 7. Qxa5 Qxa5 8.
bxa5 b4 9. Nd1 cxd5 10. e4 e6 11. Ne2 Nf6 12. exd5 exd5 13. Be3 Bd6 14. Bd4 Be6
15. Ne3 O-O 16. Bxf6 gxf6 17. O-O-O Rab8 18. Nd4 Rfc8 19. Be2 Rc5 20. Kb1 Be5
21. f4 Bxf4 22. Nef5 Be5 23. Rhf1 b3 24. axb3 Bxf5+ 25. Rxf5 Rxa5 26. Rf3 Rb6
27. Re3 cxb3 28. Nxb3 Ra1+ 29. Kc2 Ra2+ 30. Kb1 Rb2+ 31. Kc1 Rc6+ 0-1

[Event "LXXIV C.to Italiano"]
[Site "Boscotrecase ITA"]
[Date "2014.11.27"]
[Round "5"]
[White "Bruno, Fabio"]
[Black "Altini, Nicola"]
[WhiteElo "2436"]
[BlackElo "2394"]
[Result "1/2-1/2"]
[PlyCount "46"]
[EventDate "2014.11.23"]

1. d4 d5 2. Nf3 Nf6 3. c4 c6 4. e3 Bf5 5. Nc3 e6 6. Nh4 Bg6 7. Nxg6 hxg6 8. g3
Nbd7 9. a3 Bd6 10. b3 O-O 11. Bg2 a6 12. O-O Rc8 13. Bb2 b5 14. Qe2 Re8 15.
Rfd1 Qe7 16. e4 Nxe4 17. Nxe4 dxe4 18. Qxe4 Nf6 19. Qc2 a5 20. Rdc1 bxc4 21.
Qxc4 Nd5 22. Qd3 Qb7 23. Bf3 Rb8 1/2-1/2

[Event "LXXIV C.to Italiano"]
[Site "Boscotrecase ITA"]
[Date "2014.11.27"]
[Round "5"]
[White "David, Alberto"]
[Black "Contin, Daniel"]
[WhiteElo "2578"]
[BlackElo "2327"]
[Result "1-0"]
[PlyCount "71"]
[EventDate "2014.11.23"]

1. d4 d5 2. c4 c6 3. Nc3 Nf6 4. Nf3 e6 5. Bg5 h6 6. Bxf6 Qxf6 7. g3 Nd7 8. Bg2
dxc4 9. O-O Rb8 10. Qa4 b5 11. Qxa7 Qd8 12. Ne5 Rb7 13. Qa8 Nxe5 14. dxe5 Qc7
15. Rfd1 Bb4 16. a4 O-O 17. axb5 cxb5 18. Ne4 Rb8 19. Qa7 Bb7 20. Nd6 Bc5 21.
Qa5 Qxa5 22. Rxa5 Bxg2 23. Kxg2 Rfd8 24. Ra6 f6 25. Rc6 Bb4 26. Ra1 Bxd6 27.
exd6 Rd7 28. Raa6 Kf7 29. f4 f5 30. Kf3 Kf6 31. e4 e5 32. fxe5+ Ke6 33. Ke3
fxe4 34. Kxe4 b4 35. Rab6 Rdb7 36. Rc7 1-0

[Event "LXXIV C.to Italiano"]
[Site "Boscotrecase ITA"]
[Date "2014.11.27"]
[Round "5"]
[White "Dvirnyy, Danyyil"]
[Black "Godena, Michele"]
[WhiteElo "2515"]
[BlackElo "2495"]
[Result "1/2-1/2"]
[PlyCount "31"]
[EventDate "2014.11.23"]

1. e4 e5 2. Nf3 Nc6 3. Bb5 Bc5 4. c3 Nf6 5. d4 exd4 6. e5 Ne4 7. cxd4 Bb4+ 8.
Nbd2 O-O 9. O-O Nxd2 10. Bxd2 Bxd2 11. Qxd2 Ne7 12. Rfe1 d6 13. Rad1 dxe5 14.
dxe5 Qxd2 15. Rxd2 Be6 16. Ng5 1/2-1/2

[Event "LXXIV C.to Italiano"]
[Site "Boscotrecase ITA"]
[Date "2014.11.27"]
[Round "5"]
[White "Genocchio, Daniele"]
[Black "Rombaldoni, Axel"]
[WhiteElo "2407"]
[BlackElo "2505"]
[Result "0-1"]
[PlyCount "74"]
[EventDate "2014.11.23"]

1. c4 b6 2. d4 Bb7 3. Bg5 h6 4. Bh4 g5 5. Bg3 e6 6. Nc3 Nf6 7. Qc2 Bg7 8. e3 d6
9. f3 Nc6 10. Bd3 Qd7 11. a3 a6 12. Nge2 Ne7 13. e4 c5 14. Na4 Nc8 15. dxc5
dxc5 16. e5 Nh5 17. O-O-O Qc7 18. Nac3 Ne7 19. Be4 Nc6 20. Rhe1 Nxg3 21. hxg3
Bxe5 22. f4 Bd6 23. Bf3 O-O-O 24. Ne4 Be7 25. f5 Kb8 26. Bh5 Nd4 27. Nxd4 cxd4
28. f6 Bd6 29. Kb1 Be5 30. Qd3 Rd7 31. Rc1 Bc6 32. Bf3 Bxg3 33. b4 Bxe1 34.
Rxe1 Rc8 35. Rc1 Qf4 36. c5 Bb5 37. Qb3 g4 0-1

[Event "LXXIV C.to Italiano"]
[Site "Boscotrecase ITA"]
[Date "2014.11.27"]
[Round "5"]
[White "Gilevych, Artem"]
[Black "Brunello, Sabino"]
[WhiteElo "2396"]
[BlackElo "2568"]
[Result "1/2-1/2"]
[PlyCount "109"]
[EventDate "2014.11.23"]

1. d4 d5 2. c4 c6 3. cxd5 cxd5 4. Nc3 Nf6 5. Nf3 Nc6 6. Bf4 a6 7. e3 Bf5 8. Bd3
Bxd3 9. Qxd3 e6 10. O-O Be7 11. Ne5 Nxe5 12. Bxe5 O-O 13. Bxf6 Bxf6 14. Rfc1 e5
15. dxe5 Bxe5 16. Rd1 Qd6 17. h3 Bxc3 18. Qxc3 Rac8 19. Qb3 Rc5 20. Rd4 Rb5 21.
Qc3 Qc6 22. Qd2 Rc8 23. Rd1 g6 24. b3 Rc5 25. Qe2 Rc2 26. Qg4 Rxa2 27. Rxd5 Rf8
28. Qd4 Qc2 29. Qf6 Qb2 30. R1d4 Qb1+ 31. Kh2 Rc2 32. b4 Rcc8 33. h4 h5 34. Rd7
Rc6 35. Qf3 Rb6 36. Rxb7 Rxb7 37. Qxb7 Qa2 38. Rf4 Qe6 39. Qa7 Rc8 40. Qd4 Rc6
41. Re4 Qd6+ 42. Qxd6 Rxd6 43. Rd4 Rb6 44. Kg3 Rb5 45. f3 a5 46. bxa5 Rxa5 47.
Kf4 Kg7 48. g4 hxg4 49. fxg4 Ra1 50. h5 Rf1+ 51. Kg3 Rg1+ 52. Kf2 Ra1 53. Kg3
Rg1+ 54. Kf2 Ra1 55. Kg3 1/2-1/2

[Event "LXXIV C.to Italiano"]
[Site "Boscotrecase ITA"]
[Date "2014.11.27"]
[Round "5"]
[White "Rombaldoni, Denis"]
[Black "Bellia, Fabrizio"]
[WhiteElo "2480"]
[BlackElo "2415"]
[Result "1/2-1/2"]
[PlyCount "99"]
[EventDate "2014.11.23"]

1. b3 e5 2. Bb2 d6 3. g3 Nf6 4. Bg2 g6 5. e4 Bg7 6. Ne2 O-O 7. O-O c5 8. Na3
Nc6 9. Nc4 Nxe4 10. Bxe4 d5 11. Bg2 dxc4 12. bxc4 Be6 13. d3 Qd7 14. Rb1 Bh3
15. Bxh3 Qxh3 16. f4 Qd7 17. fxe5 Nxe5 18. Nf4 b6 19. Bxe5 Bxe5 20. Nd5 Rae8
21. Qd2 Bd4+ 22. Kg2 Re6 23. c3 Bg7 24. Rf2 Rfe8 25. Qf4 Re1 26. Rxe1 Rxe1 27.
g4 h6 28. h3 Re5 29. Qf3 h5 30. Re2 hxg4 31. hxg4 Rxe2+ 32. Qxe2 Kf8 33. Qe4 f5
34. gxf5 gxf5 35. Qf4 Kf7 36. Kf2 Kg6 37. Qh4 Kf7 38. Qh7 Qe6 39. Ne3 Qg6 40.
Qh3 Bxc3 41. Nxf5 Qg5 42. Kf3 Qf6 43. Qh7+ Ke8 44. Qg8+ Kd7 45. Qd5+ Kc7 46.
Qe4 Be5 47. Ke2 Kb8 48. Kd1 Bd4 49. Qd5 Kc7 50. Nxd4 1/2-1/2

[Event "LXXIV C.to Italiano"]
[Site "Boscotrecase ITA"]
[Date "2014.11.28"]
[Round "6"]
[White "Altini, Nicola"]
[Black "Rombaldoni, Denis"]
[WhiteElo "2394"]
[BlackElo "2480"]
[Result "1/2-1/2"]
[PlyCount "200"]
[EventDate "2014.11.23"]

1. d4 Nf6 2. c4 e6 3. Nc3 Bb4 4. e3 c5 5. Nge2 d6 6. dxc5 dxc5 7. Qxd8+ Kxd8 8.
Bd2 Nc6 9. Nf4 Ba5 10. Nd3 Nd7 11. a3 a6 12. Rb1 Bc7 13. b4 cxb4 14. axb4 f5
15. Be2 Ke7 16. O-O Rd8 17. f4 Nb6 18. c5 Nc4 19. Bc1 b5 20. cxb6 Bxb6 21. Nc5
Nd2 22. Bxd2 Rxd2 23. Bf3 Nxb4 24. Bxa8 Bxc5 25. Nd1 Bd7 26. Rf2 Rd6 27. Bf3 a5
28. Ra1 a4 29. h3 Ra6 30. Rd2 Ra5 31. Kf2 a3 32. Nc3 a2 33. Nxa2 Ra3 34. Nxb4
Rxa1 35. Nc6+ Bxc6 36. Bxc6 Ra3 37. Re2 h6 38. g3 g5 39. h4 Kf6 40. hxg5+ hxg5
41. fxg5+ Kxg5 42. Kf3 e5 43. Bb7 Rc3 44. Bd5 Ba7 45. Bb7 e4+ 46. Bxe4 fxe4+
47. Kxe4 Kg4 48. Ra2 Rxe3+ 49. Kd5 Bb8 50. Ra4+ Kxg3 51. Re4 Ra3 52. Rb4 Bf4
53. Ke4 Re3+ 54. Kd4 Re8 55. Rb7 Kf3 56. Rb3+ Be3+ 57. Kd5 Rh8 58. Rb4 Rh5+ 59.
Ke6 Bf4 60. Rb3+ Kg4 61. Rb1 Re5+ 62. Kd7 Kf5 63. Rf1 Rc5 64. Rf2 Rc7+ 65. Kd8
Rh7 66. Rf1 Ke4 67. Rd1 Be5 68. Kc8 Rc7+ 69. Kd8 Kf5 70. Rd7 Rc6 71. Ke7 Rh6
72. Kf7 Bd6 73. Kg7 Rg6+ 74. Kf7 Rf6+ 75. Kg7 Bf8+ 76. Kg8 Ke6 77. Rb7 Rf1 78.
Rb6+ Bd6 79. Kg7 Rg1+ 80. Kh6 Ke5 81. Kh7 Be7 82. Rg6 Rb1 83. Rg2 Bf6 84. Kg6
Ke6 85. Re2+ Be5 86. Rg2 Rb8 87. Rg4 Rf8 88. Rg5 Bf6 89. Rg4 Ke5 90. Kh5 Rb8
91. Kg6 Rh8 92. Ra4 Rg8+ 93. Kh5 Kf5 94. Ra5+ Be5 95. Ra6 Rb8 96. Rc6 Bd4 97.
Ra6 Bc3 98. Kh4 Be5 99. Kh5 Rb4 100. Rc6 Rb3 1/2-1/2

[Event "LXXIV C.to Italiano"]
[Site "Boscotrecase ITA"]
[Date "2014.11.28"]
[Round "6"]
[White "Brunello, Sabino"]
[Black "Bruno, Fabio"]
[WhiteElo "2568"]
[BlackElo "2436"]
[Result "1/2-1/2"]
[PlyCount "101"]
[EventDate "2014.11.23"]

1. d4 Nf6 2. c4 e6 3. Nf3 Bb4+ 4. Bd2 c5 5. Bxb4 cxb4 6. e3 O-O 7. Be2 d6 8.
O-O b6 9. a3 bxa3 10. b4 a6 11. Nc3 Nbd7 12. Rxa3 Bb7 13. Nd2 Qe7 14. Qb3 e5
15. Bf3 e4 16. Be2 Rab8 17. Rfa1 Rfc8 18. Qb1 Rc7 19. h3 Rbc8 20. Bf1 h5 21.
Na4 h4 22. b5 a5 23. c5 dxc5 24. dxc5 Rxc5 25. Nxc5 Rxc5 26. Qb2 Rg5 27. Nc4
Qe6 28. Kh2 Nd5 29. Rd1 Nc5 30. Qd4 Qe7 31. Rd2 a4 32. Rd1 Nb3 33. Qb2 Nc5 34.
Qd4 Nb3 35. Qb2 Nc5 36. Rd4 Qe6 37. Qc2 Qe7 38. Nd2 Nf6 39. Raxa4 Nxa4 40. Qxa4
Rc5 41. Qa7 Qc7+ 42. Kg1 Bd5 43. Qxc7 Rxc7 44. Bc4 Bxc4 45. Rxc4 Rxc4 46. Nxc4
Nd5 47. Nd6 Nc3 48. Kf1 Kf8 49. Ke1 Ke7 50. Nc8+ Ke6 51. Nxb6 1/2-1/2

[Event "LXXIV C.to Italiano"]
[Site "Boscotrecase ITA"]
[Date "2014.11.28"]
[Round "6"]
[White "Contin, Daniel"]
[Black "Dvirnyy, Danyyil"]
[WhiteElo "2327"]
[BlackElo "2515"]
[Result "0-1"]
[PlyCount "74"]
[EventDate "2014.11.23"]

1. c4 c5 2. Nc3 Nc6 3. g3 g6 4. b3 Bg7 5. Bb2 e6 6. Bg2 Nge7 7. Qc1 e5 8. Nf3
O-O 9. h4 h6 10. h5 g5 11. d3 d6 12. Nh2 Be6 13. Nd5 Bxd5 14. cxd5 Nb4 15. f4
exf4 16. gxf4 Nexd5 17. fxg5 Qxg5 18. Qxg5 hxg5 19. Bxg7 Kxg7 20. Kd2 Rae8 21.
h6+ Kh8 22. a3 Nf4 23. e3 Nxg2 24. axb4 Nxe3 25. Rxa7 Nd5 26. bxc5 dxc5 27. Nf3
g4 28. Ng5 Re7 29. Rf1 g3 30. Rg1 Rfe8 31. Ne4 f5 32. Nxg3 Nb4 33. Nxf5 Re2+
34. Kd1 Rf2 35. Rxb7 Ra8 36. Rb8+ Rxb8 37. Ne7 Ra8 0-1

[Event "LXXIV C.to Italiano"]
[Site "Boscotrecase ITA"]
[Date "2014.11.28"]
[Round "6"]
[White "Genocchio, Daniele"]
[Black "David, Alberto"]
[WhiteElo "2407"]
[BlackElo "2578"]
[Result "1-0"]
[PlyCount "98"]
[EventDate "2014.11.23"]

1. d4 Nf6 2. c4 e6 3. Nc3 Bb4 4. f3 d5 5. a3 Bxc3+ 6. bxc3 c5 7. cxd5 exd5 8.
e3 O-O 9. Bd3 b6 10. Ne2 Ba6 11. O-O Bxd3 12. Qxd3 Re8 13. g4 Nc6 14. Ra2 Na5
15. Nf4 Nb3 16. Re2 Nxc1 17. Rxc1 Qd6 18. g5 Nd7 19. Qf5 Rad8 20. Qxd5 Qxd5 21.
Nxd5 Ne5 22. dxe5 Rxd5 23. f4 Red8 24. Kf2 c4 25. Rb1 Rd3 26. Rc2 Rd2+ 27. Rxd2
Rxd2+ 28. Kf3 Rd3 29. f5 Kf8 30. f6 g6 31. Ke4 Ke8 32. e6 fxe6 33. Rb4 Rxc3 34.
Kd4 Rd3+ 35. Ke4 Rc3 36. a4 Rc2 37. a5 c3 38. axb6 Rb2 39. Rc4 Rxb6 40. Rc8+
Kf7 41. Rc7+ Ke8 42. Rxc3 Rb7 43. Rc8+ Kf7 44. Rh8 Rb4+ 45. Kf3 Rh4 46. Kg3 Rh5
47. h4 h6 48. Rh7+ Kf8 49. Rxh6 Kf7 1-0

[Event "LXXIV C.to Italiano"]
[Site "Boscotrecase ITA"]
[Date "2014.11.28"]
[Round "6"]
[White "Godena, Michele"]
[Black "Gilevych, Artem"]
[WhiteElo "2495"]
[BlackElo "2396"]
[Result "1/2-1/2"]
[PlyCount "49"]
[EventDate "2014.11.23"]

1. e4 e6 2. d4 d5 3. Nd2 c5 4. exd5 exd5 5. Ngf3 Nc6 6. Bb5 Bd6 7. dxc5 Bxc5 8.
O-O Nge7 9. Nb3 Bd6 10. h3 O-O 11. Bd3 h6 12. Be3 Nf5 13. Bc5 Bxc5 14. Nxc5 Qb6
15. Nb3 a5 16. a4 Re8 17. Qd2 Ng3 18. Rfe1 Ne4 19. Qe3 Qb4 20. Qc5 Qxc5 21.
Nxc5 Bxh3 22. Nxe4 dxe4 23. Rxe4 Be6 24. Bb5 Red8 25. c3 1/2-1/2

[Event "LXXIV C.to Italiano"]
[Site "Boscotrecase ITA"]
[Date "2014.11.28"]
[Round "6"]
[White "Rombaldoni, Axel"]
[Black "Bellia, Fabrizio"]
[WhiteElo "2505"]
[BlackElo "2415"]
[Result "1-0"]
[PlyCount "65"]
[EventDate "2014.11.23"]

1. d4 Nf6 2. c4 e6 3. Nf3 Bb4+ 4. Nbd2 O-O 5. a3 Bxd2+ 6. Bxd2 b6 7. Bg5 Bb7 8.
e3 d6 9. Bd3 Nbd7 10. Qc2 h6 11. Bh4 Qe7 12. O-O-O c5 13. d5 exd5 14. cxd5 Ne5
15. Bf5 Bc8 16. Rhe1 Re8 17. Bh7+ Kh8 18. Nxe5 Qxe5 19. f4 Qe7 20. Bd3 Bg4 21.
e4 Bxd1 22. Qxd1 Qc7 23. Bxf6 gxf6 24. Qh5 Kg7 25. Qg4+ Kf8 26. Bb5 Red8 27.
Re3 c4 28. Bc6 b5 29. e5 dxe5 30. Qh4 Qd6 31. Qxh6+ Ke7 32. fxe5 fxe5 33. Qh4+
1-0

[Event "LXXIV C.to Italiano"]
[Site "Boscotrecase ITA"]
[Date "2014.11.30"]
[Round "7"]
[White "Bellia, Fabrizio"]
[Black "Altini, Nicola"]
[WhiteElo "2415"]
[BlackElo "2394"]
[Result "0-1"]
[PlyCount "92"]
[EventDate "2014.11.23"]

1. d4 d5 2. c4 c6 3. cxd5 cxd5 4. Nc3 Nf6 5. Bf4 Nc6 6. e3 Bf5 7. Qb3 Na5 8.
Qa4+ Bd7 9. Qc2 e6 10. Nf3 Be7 11. Bd3 Nc6 12. a3 Nh5 13. Be5 f6 14. Bg3 f5 15.
O-O O-O 16. Rac1 Rc8 17. Ne5 Nxg3 18. hxg3 Nxe5 19. dxe5 Qb6 20. Qd2 Bg5 21. f4
Be7 22. Rfe1 Bc5 23. b4 Bxe3+ 24. Qxe3 Qxe3+ 25. Rxe3 d4 26. Rf3 Rxc3 27. Rxc3
dxc3 28. Bc2 Rc8 29. Kf2 Kf7 30. Ke1 Ke7 31. Kd1 h6 32. Bb3 g5 33. fxg5 hxg5
34. g4 fxg4 35. Rf6 c2+ 36. Bxc2 Rc3 37. Rg6 Bc6 38. Rxg5 Rg3 39. Rg7+ Kf8 40.
Rg6 Bd5 41. Ke1 Rxg2 42. Bd1 Rg1+ 43. Kd2 g3 44. Bf3 Bxf3 45. Rf6+ Ke7 46. Rxf3
g2 0-1

[Event "LXXIV C.to Italiano"]
[Site "Boscotrecase ITA"]
[Date "2014.11.30"]
[Round "7"]
[White "Bruno, Fabio"]
[Black "Godena, Michele"]
[WhiteElo "2436"]
[BlackElo "2495"]
[Result "1/2-1/2"]
[PlyCount "43"]
[EventDate "2014.11.23"]

1. d4 d5 2. Nf3 Nf6 3. c4 e6 4. e3 Nbd7 5. Nbd2 c5 6. b3 cxd4 7. exd4 b6 8. Bd3
Bb7 9. Qe2 Bd6 10. O-O O-O 11. Bb2 Qe7 12. a3 Bf4 13. Rfe1 Rfd8 14. a4 Bd6 15.
a5 Bb4 16. axb6 axb6 17. Rxa8 Rxa8 18. Ra1 Rxa1+ 19. Bxa1 Qd8 20. Qd1 Qa8 21.
Bf1 h6 22. Qc1 1/2-1/2

[Event "LXXIV C.to Italiano"]
[Site "Boscotrecase ITA"]
[Date "2014.11.30"]
[Round "7"]
[White "David, Alberto"]
[Black "Rombaldoni, Axel"]
[WhiteElo "2578"]
[BlackElo "2505"]
[Result "1/2-1/2"]
[PlyCount "109"]
[EventDate "2014.11.23"]

1. e4 c5 2. Nf3 Nc6 3. d4 cxd4 4. Nxd4 Nf6 5. Nc3 d6 6. Be2 e5 7. Nf3 h6 8. O-O
Be7 9. Re1 O-O 10. Bf1 a6 11. h3 Qc7 12. Nh2 b5 13. Ng4 Bxg4 14. hxg4 b4 15.
Na4 Rfd8 16. Be3 Rab8 17. Qf3 d5 18. exd5 e4 19. Qh3 Nxd5 20. Rad1 Ne5 21. Bd4
Nf4 22. Qg3 Neg6 23. Qb3 Qc8 24. Rxe4 Qxg4 25. Rde1 Bg5 26. Bb6 Rdc8 27. Ba7
Rb7 28. Bd4 Rbc7 29. Nb6 Rd8 30. Nd5 Rcd7 31. Nxf4 Nxf4 32. Be5 Rd1 33. Rxd1
Rxd1 34. Bxf4 Bxf4 35. Re8+ Kh7 36. Qxf7 Bg5 37. Qg8+ Kg6 38. Re5 Bf6 39. Qe8+
Kh7 40. Re1 Rxe1 41. Qxe1 Bxb2 42. Qe7 h5 43. Bd3+ Kh6 44. Qe3+ Qg5 45. Qe4 Qf6
46. Qxb4 Bc3 47. Qa3 a5 48. Qc1+ Qg5 49. Qd1 h4 50. Qf3 Bd4 51. Kh2 Qf6 52.
Qxf6+ Bxf6 53. a4 Kg5 54. g3 hxg3+ 55. Kxg3 1/2-1/2

[Event "LXXIV C.to Italiano"]
[Site "Boscotrecase ITA"]
[Date "2014.11.30"]
[Round "7"]
[White "Dvirnyy, Danyyil"]
[Black "Genocchio, Daniele"]
[WhiteElo "2515"]
[BlackElo "2407"]
[Result "1/2-1/2"]
[PlyCount "121"]
[EventDate "2014.11.23"]

1. Nf3 b5 2. e4 Bb7 3. Bxb5 Bxe4 4. O-O e6 5. d4 Nf6 6. c4 Be7 7. Nc3 Bb7 8. d5
O-O 9. Bf4 Bb4 10. Rc1 Bxc3 11. Rxc3 exd5 12. Nd4 Ne4 13. Rh3 Ng5 14. Rh4 h6
15. Qh5 Nc6 16. Bxc6 Bxc6 17. Rg4 f5 18. Bxg5 Qe8 19. Rh4 Qxh5 20. Rxh5 hxg5
21. Rxg5 dxc4 22. Nxf5 Kf7 23. Ne3 d5 24. Nxd5 Rab8 25. Ne3 Rxb2 26. Rc5 Bb5
27. Nd1 Rb4 28. Rxc7+ Kg6 29. Nc3 a6 30. Re1 Rb2 31. Re3 Rbxf2 32. h3 R8f7 33.
Re6+ R2f6 34. Rxf6+ Kxf6 35. Rc5 Rb7 36. a4 Bd7 37. Rxc4 Rb2 38. Rc5 Rb3 39.
Ne4+ Ke7 40. Rg5 Bc6 41. Kh2 Ra3 42. Ng3 Rxa4 43. Rxg7+ Kf8 44. Rc7 Rc4 45. Nf5
Bd5 46. Ra7 Ra4 47. g4 Ra2+ 48. Kg3 Ra3+ 49. Kf4 Rxh3 50. Ke5 Bg2 51. g5 Rb3
52. Rxa6 Bb7 53. Rf6+ Kg8 54. Rd6 Ra3 55. g6 Ra8 56. Rd7 Ra5+ 57. Ke6 Rxf5 58.
Rxb7 Rf1 59. g7 Re1+ 60. Kd5 Rg1 61. Ke4 1/2-1/2

[Event "LXXIV C.to Italiano"]
[Site "Boscotrecase ITA"]
[Date "2014.11.30"]
[Round "7"]
[White "Gilevych, Artem"]
[Black "Contin, Daniel"]
[WhiteElo "2396"]
[BlackElo "2327"]
[Result "1-0"]
[PlyCount "69"]
[EventDate "2014.11.23"]

1. d4 e6 2. c4 Nf6 3. Nf3 c5 4. d5 exd5 5. cxd5 d6 6. Nc3 g6 7. e4 Bg7 8. Bb5+
Nbd7 9. Bf4 O-O 10. Bxd6 Nxe4 11. Nxe4 Re8 12. O-O Rxe4 13. Bxd7 Qxd7 14. Bxc5
Qb5 15. Ba3 Bf5 16. d6 Rd8 17. Rc1 Be6 18. Re1 Ra4 19. Rc5 Qa6 20. Rc7 Bf8 21.
Ng5 Bc4 22. Ne4 Qa5 23. b4 Rxb4 24. Bxb4 Qxb4 25. Nf6+ Kh8 26. Ne8 Kg8 27. Nf6+
Kh8 28. Ne8 Kg8 29. Qa1 Bb5 30. Nf6+ Kh8 31. Nd5+ Bg7 32. Qxg7+ Kxg7 33. Nxb4
Rxd6 34. Rxb7 a6 35. h3 1-0